Una conversación con la profesora Clara Lida /

Detalles Bibliográficos
Autor principal: Salmerón, Alicia
Otros Autores: Speckman, Elisa
Formato: Analitica de revista
Lenguaje:español
Publicado: México D.F Instituto Mora 2006

MARC

LEADER 00000cab a2200000 a 4500
001 042641
003 UAHC_CL
005 20170803124719.0
008 051216b xx j 000 1 spa
040 |a UAHC_CL  |c UAHC_CL  |d UAHC_CL 
100 1 |a Salmerón, Alicia 
245 1 4 |a Una conversación con la profesora Clara Lida /  |c Alicia Salmerón, Elisa Speckman. 
260 |b Instituto Mora  |a México D.F  |c 2006 
300 |a p. 115-134 
500 |a En: Secuencia, nº65 año 2006. p. 115-134. ISSN 01860348 
500 |a En: Secuencia, nº65 año 2006. p. 115-134. ISSN 01860348 
700 1 |a Speckman, Elisa 
759 |a PP165 
773 0 |t Signos históricos  |w 042654 
900 |a SECUENCIA-65/06 
942 |c REVA 
952 |0 0  |1 0  |4 0  |6 SECUENCIA_65_06_000000000000000  |7 0  |8 General  |9 79566  |a BC  |b BC  |c General  |d 2017-08-03  |l 0  |o SECUENCIA-65/06  |p FICTICIO7688  |r 2019-01-08 00:00:00  |t 1  |w 2017-08-03  |y REVA 
999 |c 42641  |d 42641